000
00301nam a2200121Ia 4500
008
190216s9999||||xx |||||||||||||| ||und||
100
_a
Johnson N L &tetley
245
0
_a
Statistics An Intermediate Text Book
260
_b
Mcgraw -hill
_c
1952
300
_a
318p
650
_a
Commerce
942
_c
BK
999
_c
37177
_d
37177